| 000 | 00608nam a2200205Ia 4500 | ||
|---|---|---|---|
| 005 | 20250508161407.0 | ||
| 008 | 008 250505s9999 xx 000 0 eng d | ||
| 037 | _aTextual | ||
| 040 |
_aFEDL _beng _cFEDL |
||
| 041 |
_aeng _2eng |
||
| 084 |
_a371.42, HAM _qFEDL |
||
| 100 |
_aHamrin Shirley A. _9757176 |
||
| 245 | 0 | _aGuidance in the secondary school | |
| 260 |
_aNew York, USA _bAppleton-Century-Crofts _c1939 |
||
| 300 | _axii,465p. | ||
| 650 |
_aEducation - Guidance _9757177 |
||
| 700 |
_a Erickson Clifford E. _9770685 |
||
| 942 |
_cTEXL _h371.42, HAM |
||
| 999 |
_c1369818 _d1369818 |
||